Scientific and technilogical education: an essay (Record no. 359038)

000 -LEADER
fixed length control field 00360cam a22001337a 4500
008 - FIXED-LENGTH DATA ELEMENTS--GENERAL INFORMATION
fixed length control field 180718b1957 xxu||||| |||| 00| 0 eng d
082 ## - DEWEY DECIMAL CLASSIFICATION NUMBER
Classification number YA08 B241
100 ## - MAIN ENTRY--PERSONAL NAME
Personal name Barker, Ediwn
245 ## - TITLE STATEMENT
Title Scientific and technilogical education: an essay
Statement of responsibility, etc. by Edwin Barker
260 ## - PUBLICATION, DISTRIBUTION, ETC.
Place of publication, distribution, etc. London
Name of publisher, distributor, etc. SCM Press
Date of publication, distribution, etc. 1957
300 ## - PHYSICAL DESCRIPTION
Extent 37p.
500 ## - GENERAL NOTE
General note 2/6
650 ## - SUBJECT ADDED ENTRY--TOPICAL TERM
Topical term or geographic name entry element Science - Study
Holdings
Withdrawn status Lost status Damaged status Not for loan Permanent Location Current Location Date acquired Full call number Barcode Date last seen Price effective from Koha item type
        Indian Institute of Public Administration Indian Institute of Public Administration 1994-02-04 YA08 B241 13938 2018-07-21 2018-07-21 Book

Powered by Koha